Missing Word: 'W' Song Endings Quiz Stats

 Plays Quiz Updated Aug 26, 2016

Challenge
Share
Tweet
Embed
Score 0/20 Timer 04:00
2 Plays Today
Song Missing Word % Correct
Blowin' in the _____Wind
97.9%
Born to Be _____Wild
97.3%
These Boots Are Made for _____Walkin'
96.9%
Under the Milky _____Way
96.8%
Joy to the _____World
96.7%
Another Brick in the ______Wall
96%
Oh, Pretty _____Woman
95.7%
Hungry Like the _____Wolf
92.3%
Smoke on the _____Water
90.6%
Knock on _____Wood
87.6%
Song Missing Word % Correct
Pinball _____Wizard
86.5%
Red Red _____Wine
83.1%
While My Guitar Gently _____Weeps
81.7%
Careless _____Whisper
75.8%
All Along the _____Watchtower
69.5%
Car _____Wash
64.1%
Makes Me _____Wonder
61.6%
Sweater _____Weather
56%
Broken _____Wings
54.9%
Watching the _____Wheels
28%

Today's Daily Dose

You're not logged in!

Compare scores with friends on all Sporcle quizzes.
OR
Log In

You Might Also Like...

Show Comments

Extras

Top Quizzes Today


Score Distribution

Your Account Isn't Verified!

In order to create a playlist on Sporcle, you need to verify the email address you used during registration. Go to your Sporcle Settings to finish the process.

Report this User

Report this user for behavior that violates our Community Guidelines.

Details: